Central Library OPAC University of Rajshahi

Fundamentals of management : (Record no. 58840)

MARC details
000 -LEADER
fixed length control field 00840nam a2200253 a 4500
001 - CONTROL NUMBER
control field 58840
003 - CONTROL NUMBER IDENTIFIER
rucl marc code BD-RjUL
005 - DATE AND TIME OF LATEST TRANSACTION
control field 20211209080649.0
008 - FIXED-LENGTH DATA ELEMENTS--GENERAL INFORMATION
fixed length control field 140211s1981 txua b 001 0 eng d
020 ## - INTERNATIONAL STANDARD BOOK NUMBER
International Standard Book Number 025602426x
035 ## - SYSTEM CONTROL NUMBER
System control number (BD-RjUL)58964
040 ## - CATALOGING SOURCE
Original cataloging agency DLC
Transcribing agency DLC
Modifying agency DLC
-- BD-RjUL
Language of cataloging eng
041 ## - LANGUAGE CODE
Language code of text/sound track or separate title eng
082 00 - DEWEY DECIMAL CLASSIFICATION NUMBER
Classification number 658
Edition number 23
Author mark and year FUN 1981
245 10 - TITLE STATEMENT
Title Fundamentals of management :
Remainder of title selected readings /
Statement of responsibility, etc. edited by James H. Donnelly, Jr., James L. Gibson, John M. Ivancevich.
250 ## - EDITION STATEMENT
Edition statement 4th ed.
260 ## - PUBLICATION, DISTRIBUTION, ETC. (IMPRINT)
Place of publication, distribution, etc. Plano, Tex.:
Name of publisher, distributor, etc. Business Publications ;
Place of publication, distribution, etc. Georgetown, Ont. :
Name of publisher, distributor, etc. Irwin-Dorsey,
Date of publication, distribution, etc. c1981.
300 ## - PHYSICAL DESCRIPTION
Pagination x, 344 p. :
Illustrations ill. ;
Size 24 cm.
650 ## - SUBJECT ADDED ENTRY--TOPICAL TERM
Topical term or geographic name as entry element Management.
9 (RLIN) 172842
700 1# - ADDED ENTRY--PERSONAL NAME
Personal name Donnelly, James H.
Personal name Gibson, James L.
Fuller form of name (James Lawrence)
Personal name Ivancevich, John M.
942 ## - ADDED ENTRY ELEMENTS (KOHA)
Source of classification or shelving scheme Dewey Decimal Classification
Koha item type Books
Holdings
Lost status Source of classification or shelving scheme Damaged status Not for loan Collection code Permanent Location Current Location Shelving location Date acquired Source of acquisition Total Checkouts Full call number Date last seen Copy number Koha item type
  Dewey Decimal Classification   Not For Loan Non-fiction Central Library, University of Rajshahi Central Library, University of Rajshahi Reading Room 26/07/1987 Asia foundation   658 FUN 1981 20/12/2016 C-1 Books